Statistiken für Anime quiz

Klicken Sie hier um das Quiz zu spielen!

Allgemein

  • Dieses Quiz wurde 656 mal gespielt
  • Das Durchschnittsergebnis liegt bei 17 aus 101

Antwortstatistiken

HinAntwort% Korrekt
72Naruto
91%
77One Piece
83%
38Dragonball
75%
7Attack on Titan
70%
15Bleach
62%
30Death Note
59%
81Pokemon
58%
31Demon Slayer
56%
61K
53%
56HunterxHunter
51%
18Boruto
48%
71My Hero Academia
45%
78One Punch Man
42%
91Sword Art Online
42%
51Haikyuu
41%
95Tokyo Ghoul
41%
34Digimon
40%
13Black Clover
38%
43Fullmetal Alchemist
38%
73Naruto Shippuden
32%
12Black Butler
28%
86Seven Deadly Sins
26%
37Dr Stone
25%
33Detektiv Conan
24%
55Highschool DxD
24%
2Akame ga Kill
23%
101Your Name
23%
40Elfen Lied
22%
42Free!
22%
89Steins;Gate
21%
4Angel Beats
18%
26Cowboy Bebop
18%
11Berserk
17%
59JoJos Bizarre Adventure
17%
76Noragami
17%
94The Promised Neverland
17%
22Charlotte
13%
66Kill la Kill
13%
75No Game No Life
13%
97Violet Evergarden
13%
74Neon Genesis Evangelion
12%
83Psycho-Pass
12%
5AnoHana
11%
1A Silent Voice
11%
44Fullmetal Alchemist: Brotherhood
11%
54Hellsing
11%
63Kakegurui
11%
35Dororo
10%
41Evangelion
10%
9Bakugan
9%
19Bungo Stray Dogs
8%
39Durarara
8%
68Made In Abyss
7%
10Beastars
6%
27Danganronpa
6%
3Akira
5%
20 | 21Castlevania
5%
28Darker than Black
5%
46Ghost in the Shell
5%
50Guilty Crown
5%
70My Dress-Up Darling
5%
87Shaman King
5%
16Blood-C
3%
8B: The Beginning
3%
29Darwins Game
3%
47God Eater
3%
82Ponyo
3%
17BNA
2%
48Great Pretender
2%
65Kengan Ashura
2%
80Platinum End
2%
100Yasuke
2%
6Arifureta
1%
14BLAME!
1%
24Chivalry of a Failed Knight
1%
32Der Junge und das Biest
1%
49Grimoire of Zero
1%
53Hello World
1%
62Kabaneri of the Iron Fortress
1%
69Mob Psycho 1000
1%
88Space Dandy
1%
23Children of the Sea
0%
25Colorful
0%
36DOTA: Dragons Blood
0%
45Gantz:O
0%
52Heaven Officials Blessing
0%
57Japan Sinkt 2020
0%
58Jin-Roh
0%
60Josie der Tiger und die Fische
0%
64Karakai Jozu no Takagi-San
0%
67Kuromukuro
0%
79Penguin Highway
0%
84Saga Of Tanya The Evil
0%
85Scums Wish
0%
90Super Crooks
0%
92The Anthem of the Heart
0%
93The Daily Life of the Immortal King
0%
96Tokyo Godfathers
0%
98Words Bubble Up Like Soda Pop
0%
99Worlds End Harem
0%

Verteilung der Resultate

Perzentil nach korrekt beantworteten Fragen

Anzahl Personen mit jedem Resultat

Ihre Resultats-Entwicklung

Sie haben dieses Quiz noch nicht gespielt